Celestial Bodies : How to Look at Ballet /
Estudio que presenta un acercamiento crítico al ballet, donde la autora da cuenta del nacimiento de este arte dancístico y sus movimientos elementales, su lenguaje técnico, así como las obras más relevantes de ballet.
Salvato in:
| Autore principale: | |
|---|---|
| Natura: | Libro |
| Lingua: | inglese |
| Pubblicazione: |
Nueva York, EUA :
Basic Books,
2018, c2018
|
| Soggetti: | |
| Tags: |
Nessun Tag, puoi essere il primo ad aggiungerne!!
|
MARC
| LEADER | 00000nam^a2200000^a^4500 | ||
|---|---|---|---|
| 001 | 000431854 | ||
| 005 | 20250521000000.0 | ||
| 009 | 20260310123000.482 | ||
| 020 | |a 978-0-465-09847-7 | ||
| 037 | |a Acervo ITESO - Biblioteca | ||
| 041 | |a ING | ||
| 082 | |a 782. 181 |b JAC | ||
| 100 | |a Jacobs, Laura |e (autor) | ||
| 245 | 1 | 0 | |a Celestial Bodies : |b How to Look at Ballet / |c L. Jacobs ; il. de Jessica Roux. |
| 264 | 4 | |a Nueva York, EUA : |b Basic Books, |c 2018, c2018 | |
| 300 | |a XVII, 252 p. | ||
| 336 | |a texto |b txt |2 rdacontenido | ||
| 337 | |a sin mediación |b n |2 rdamedio | ||
| 338 | |a volumen |b nc |2 rdasoporte | ||
| 520 | |a Estudio que presenta un acercamiento crítico al ballet, donde la autora da cuenta del nacimiento de este arte dancístico y sus movimientos elementales, su lenguaje técnico, así como las obras más relevantes de ballet. | ||
| 521 | |a 2019-XXXX BO Licenciaturas Materias Complementarias | ||
| 530 | |a Existe una edición en formato digital en línea con el mismo título | ||
| 649 | |a XX | ||
| 650 | |a Lenguaje Corporal - |x Tema Principal | ||
| 650 | |a Comunicación No Verbal | ||
| 650 | |a Recepción y Apreciación del Arte - |x Tema Principal | ||
| 650 | |a Ballet - |x Técnica | ||
| 650 | |a Ballet - |x Historia y Crítica - |x Tema Principal | ||
| 650 | |a Danza - |x Técnica | ||
| 650 | |a Danza - |x Historia y Crítica | ||
| 650 | |a Artes Escénicas - |x Historia y Crítica | ||
| 650 | |a Arte - |x Historia y Crítica | ||
| 910 | |a Fondo General | ||
| 920 | |a Impresos - Libros | ||
| 930 | |a Colección General | ||
| 905 | |a 101 | ||
| 901 | |a 0500349505 |b IT1 |c ACC |i C175627 |u 20250521 | ||
| 902 | |a https://opac.biblio.iteso.mx/vufind/Record/000431854 | ||